[Event "Werden op"]
[Site "Essen"]
[Date "2005.05.27"]
[Round "2"]
[White "Isenberg, Lutz"]
[Black "Schaefer, Michael2222"]
[Result "0-1"]
[WhiteElo "1476"]
[BlackElo "1673"]
[PlyCount "62"]
[EventDate "2005.05.20"]
[EventType "swiss"]
[EventRounds "7"]
[EventCountry "GER"]
[SourceTitle "EXT 2007"]
[Source "ChessBase"]
[SourceDate "2006.11.23"]
[SourceVersion "1"]
[SourceVersionDate "2006.11.23"]
[SourceQuality "1"]

1. e4 c5 2. Nf3 Nc6 3. Bb5 g6 4. 0-0 Bg7 5. c3 a6 6. Ba4 b5 7. Bb3 e5 8. a4 Bb7 9. d3 Nge7 10. Be3 d6 11. Na3 b4 12. Nc4 Rb8 13. Ng5 0-0 14. f4 bxc3 15. bxc3 h6 16. Nf3 Na5 17. Nxa5 Qxa5 18. fxe5 dxe5 19. Nh4 Rbd8 20. Bc4 Bxe4 21. Qb3 Bd5 22. Bxd5 Nxd5 23. Bd2 Qb6 24. Qa3 c4+ 25. Kh1 cxd3 26. Rab1 Qc6 27. Rf3 e4 28. Rg3 Rb8 29. Re1 Bxc3 30. Bxc3 Nxc3 31. Nf5 d2 0-1